00927nam a2200229 a 450000100100000000500170001000800410002702000140006804000250008208200200010710000400012724500670016726000490023430000280028350000630031165000290037465000310040304900090043495201180044395201190056199900170068000002098720240412074250.0100825s2001 dr a 000 0 spa d z999342354 aDO-SdBNPbspacBNPHU aRD863.44bP349h1 aPeña Nina, Domingo,d1948-92974010aHistorias de vida, muerte y lejanías /cDomingo Peña Nina. aSanto Domingo :bEditora Peña Nina,c2001. a211 p. :bil. ;c21 cm. aIncluye datos biográficos del autor en la contracubierta 4aCuento dominicano926903 0aLiteratura dominicana.967 aBNPD 0010718PDaPDbPDcCTd2010-08-25iLF1l0oRD863.44 P349hp20987-10r2020-06-25w2020-06-25yLFPDZNo se presta 00107-18PDaPDbPDcOId2013-03-06iLF1l0oRD863.44 P349hp20987-20r2020-06-25w2020-06-25yLFPDZNo se presta c20490d20490